000 00749 a2200193 4500
001 134416
003 OSt
005 20210922143242.0
008
020 _a8170553806
082 _a891.433009
_bS98B
100 1 _aसक्सेना, राजेश्वर
245 1 _aभीष्म साहनी : व्यक्ति और रचना
_cby राजेश्वर सक्सेना and प्रताप ठाकुर
260 _aनई दिल्ली
_bवाणी प्रकाशन
_c2010
300 _a252p.
690 _aउपन्यासकार, हिन्दी - समीक्षा
700 _aठाकुर, प्रताप
942 _2ddc
_cBK
999 _c8028
_d8028